000 01237nas a2200385 4500
001 BR2015001261
003 BR-BrBNA
005 20231205125148.0
007 ta
008 230509b bl.|||p| |||| 00| 00por d
040 _aBR-BrBNA
_bpor
_cBiblioteca Nacional de Agricultura
041 _a(Pt)
072 _aQ54; L51; L01
100 1 _aAquino, R.M.S.
100 1 _aPereira, E.S.
100 1 _aOliveira, S.M.P.
100 1 _aPimentel, P.G.
100 1 _aMizubut, I.Y.
100 1 _aRibeiro, E.L.A.
100 1 _aCarneiro, M.S.S.
100 1 _aCândido, M.J.D.
100 1 _aFontenele, R.M.
100 1 _aAlves, J.P.M.
100 1 _aCruz, R.O.
100 1 _aRocha Júnior, J.N.
245 1 _aParâmetros nutricionais e padrões nictemeral do comportamento ingestivo de cordeiros Somalis Brasileira alimentados com diferentes níveis de energia metabolizável
650 _aCORDEIRO
650 _aRAÇA
650 _aVALOR NUTRITIVO
650 _aINGESTÃO
650 _aCOMPORTAMENTO ANIMAL
773 0 _tArquivo Brasileiro de Medicina Veterinária e Zootecnia (Brazil)
_xISSN 0102-0935
_g(Apr 2014), v. 66(2) p. 563-572
_wBR2015001261
909 _a202311
_bLúcia
_c55
_dLúcia Elande
942 _2AGRIS
_n0
_cANA
999 _c242975
_d242975